000 00482nam a2200169Ia 4500
999 _c2989
_d2989
003 OSt
005 20200817132749.0
008 190216s9999||||xx |||||||||||||| ||und||
020 _a8123906897
040 _coclc
082 _a546
_bDAS/F
100 _aDas, Asim K
_94164
245 0 _aFundamental Concepts Of Inorganic Chemistry /
_cAsim K Das
260 _bCbs Publishers,
_c2001.
_aNew Delhi:
300 _a435p
942 _cBK
_2ddc
_h546
_iDAS/F
_k546
_mDAS/F